Países pelas últimas duas letras - Statistics

Estatísticas Gerais
  • Esse quiz foi jogado 129 vezes
  • A pontuação média é 9 de 31
Estatísticas das Respostas
País Últimas duas letras % Correto
Brasil IL
69%
Omã
68%
Tuvalu LU
52%
Malawi WI
47%
Vanuatu TU
46%
Bangladesh SH
45%
Belize ZE
43%
Kuweit IT
41%
Brunei EI
39%
Cuba BA
38%
Kosovo VO
38%
Ilhas Marshall LL
37%
Panamá
36%
Mali LI
34%
Burundi DI
33%
Israel EL
28%
Níger ER
27%
Chile LE
25%
Fiji JI
25%
Iémen EN
22%
Taiwan AN
19%
Camboja JA
17%
Chipre RE
17%
Nicarágua UA
13%
Reino Unido DO
13%
Burkina Faso SO
8%
Essuatíni NI
8%
Sri Lanka KA
8%
São Cristóvão e Nevis IS
7%
São Tomé e Príncipe PE
5%
Montenegro RO
4%
Nenhum quiz correspondente encontrado
Distribuição das Pontuações
Porcentagem de Pessoas com Cada Pontuação
Percentil de Números Respondidos
Sua Pontuação Histórica
Você não jogou esse quiz